La ayuda escolar; los asistentes educacionales voluntarios /
Guardado en:
| Autor Principal: | |
|---|---|
| Formato: | Libro |
| Publicado: |
Argentina :
Paid¢s,
1967
|
| Series: | Bibl. del Educador Contemp.,52
|
| Materias: | |
| Etiquetas: |
Agregar Etiqueta
Sin Etiquetas, Sea el primero en etiquetar este registro!
|
| LEADER | 00583nam a22001935a 4500 | ||
|---|---|---|---|
| 001 | CEM.cems003450 | ||
| 005 | 19000101000000.0 | ||
| 008 | 130507s1967##################000#0#####d | ||
| 003 | CEMS | ||
| 082 | 0 | 4 | |a 371.422 |
| 100 | 1 | |a Janowitz, Gayle | |
| 245 | 1 | 0 | |a La ayuda escolar; los asistentes educacionales voluntarios / |c Gayle Janowitz |
| 260 | |a Argentina : |b Paid¢s, |c 1967 | ||
| 300 | |a 133 p. | ||
| 490 | 0 | |a Bibl. del Educador Contemp.,52 | |
| 653 | |a Ayuda escolar | ||
| 653 | |a Educacion | ||
| 653 | |a Orientacion escolar | ||
| 859 | |a CEMS |b BIB. CEMS - 11 de abril |h 371.422 |i J264 |p 2447.74 |t Ej.1 | ||
